000 00636nam a22001937a 4500
999 _c14550
_d14550
003 MIRAKIL
005 20211015130306.0
008 211015b tu ||||| |||| 00| 0 tur d
040 _aTR-AnCHP
_btur
_cTR-AnCHP
082 _aDAN 103
_bB83m 1976
100 _aBuhr, Manfred
245 _aMarkçı-Leninci Felsefe sözlüğü/
_cManfred Buhr, Alfred Kosing; çeviren Engin Aşkın.
260 _aİstanbul:
_bKonuk Yayınları,
_c1976.
300 _a328 s.:
_c23 sm.
490 _aGenel Sıra No:
_aTemel Bilgi Dizisi;
_v25.
_v1.
650 _aFelsefe
_xSözlükler
_yTürkçe
700 _96767
_aAşkın, Engin
_eçev.
942 _2ddc
_cBKS